The wind from the plain; (Record no. 84396)

MARC details
000 -LEADER
fixed length control field 00728cam a22002411 4500
001 - CONTROL NUMBER
control field sa 68012218
003 - CONTROL NUMBER IDENTIFIER
control field DLC
005 - DATE AND TIME OF LATEST TRANSACTION
control field 20260227112608.0
008 - FIXED-LENGTH DATA ELEMENTS--GENERAL INFORMATION
fixed length control field 711115s1966 pk 000 1 eng
010 ## - LIBRARY OF CONGRESS CONTROL NUMBER
LC control number sa 68012218
025 ## - OVERSEAS ACQUISITION NUMBER
Overseas acquisition number PL480:P-E-1229
040 ## - CATALOGING SOURCE
Original cataloging agency DLC
Transcribing agency DLC
Modifying agency DLC
041 1# - LANGUAGE CODE
Language code of text/sound track or separate title engund
050 00 - LIBRARY OF CONGRESS CALL NUMBER
Classification number PZ4.Y3
Item number Wi3
Classification number PL248.Y275
100 0# - MAIN ENTRY--PERSONAL NAME
Personal name Yaşar Kemal,
Dates associated with a name 1922-
240 10 - UNIFORM TITLE
Uniform title Ortadirek.
Language of a work English
245 14 - TITLE STATEMENT
Title The wind from the plain;
Remainder of title a novel from Turkey
Statement of responsibility, etc. [by] Yashar Kemal. [Translated into English by Thilda Kemal.
260 ## - PUBLICATION, DISTRIBUTION, ETC.
Place of publication, distribution, etc. Lahore]
Name of publisher, distributor, etc. Afro-Asian Book Club, Pakistan
Date of publication, distribution, etc. [1966]
300 ## - PHYSICAL DESCRIPTION
Extent xii, 260 p.
Dimensions 19 cm.
350 ## - PRICE (NR) (BK AM CF MU VM SE) [OBSOLETE]
Price Rs6
-- /10
500 ## - GENERAL NOTE
General note Translation of Ortadirek.
651 #0 - SUBJECT ADDED ENTRY--GEOGRAPHIC NAME
Geographic name Turkey
General subdivision Fiction.

No items available.

Powered by Koha